000 00912nam a2200265 c 4500
001 991048852139708606
003 SpMaBN
005 20250915143542.0
008 230427s2023 sp a | |||| 000 0 spa
015 _aMON23
017 _aB 465-2023
_bOficina Depósito Legal Barcelona
020 _a9788423434954
035 _a(SpMaBN)a7277374
040 _aSpMaBN
_bspa
_cSpMaBN
_erda
041 1 _aspa
_heng
082 _a303.6 H263i 2023
100 1 _aHarding, Luke
_d1968-
245 1 0 _aInvasión :
_bla invasión de Ucrania contada en primera persona desde el campo de batalla /
_cLuke Harding ; traducción, Javier Guerrero
264 1 _aBarcelona :
_bEdiciones Deusto,
_c2023
300 _a286 páginas. :
_bilustraciones ,de láminas, fotografías (color)
650 7 _aGuerra de Ucrania, 2022-
_2embne
700 1 _aGuerrero, Javier
_qGuerrero Gimeno
_etraductor
942 _2ddc
_cBK
_z3
956 _a2
999 _c8457
_d8457